000 00701nam a22002051i 4500
001 191
090 _a191
100 _a20170304u u u0frey50 ba
101 1 _apor
_ceng
200 1 _fArnold Gesell
_aA criança dos 0 aos 5 anos
_eo bebé e a criança na cultura dos nossos dias
215 _a379, [5] p.
_d24 cm
702 1 _aReis
_bCardigos dos
_4730
701 1 _aAmes
_bLouise Bates
_4070
701 1 _aIlg.
_bFrances L.
_4070
_f1902-
700 1 _aGesell
_bArnold
_4070
_f1880-1961
210 _cDom Quixote
_aLisboa
_d1979
225 2 _aConhecer a criança
_v2
410 0 _tConhecer a criança
996 _f0000216
_kGES
_m00000000
_n00000000
_aBMVA
_b1
_vViana do Alentejo
_xPsicologia
_y25
_eLivro
_10
_31
990 _cLIVROS